[Event "Play for Durgesh Fundraiser Blitz"]
[Site "Vishy Anand Arena"]
[Date "2020.09.19"]
[Round "5"]
[White "Kingofall"]
[Black "Arunava"]
[Result "1-0"]
[WhiteElo "1929"]
[BlackElo "1742"]
[Annotator "NA"]
[PlyCount "93"]
[EventDate "2020.09.19"]
[EventType "swiss (blitz)"]

1. e4 c5 2. Nf3 e6 3. d4 cxd4 4. Nxd4 a6 5. Bd3 Nf6 6. O-O Qc7 7. Re1 d6 8. c4 Be7 9. Nc3 Nbd7 10. b3 b6 11. Bf4 Bb7 12. Nf3 Ne5 13. Nxe5 dxe5 14. Be3 Bc5 15. Bxc5 Qxc5 16. Na4 Qc7 17. Qe2 O-O 18. Qe3 b5 19. Nb6 Rad8 20. c5 Rxd3 21. Qxd3 Qxc5 22. Nd7 Nxd7 23. Qxd7 Qb6 24. Rac1 Rd8 25. Qc7 Qxc7 26. Rxc7 Bxe4 27. f4 Bd5 28. fxe5 a5 29. Rc5 Rb8 30. Rec1 Kf8 31. Rc7 a4 32. Rc8+ Rxc8 33. Rxc8+ Ke7 34. Rc7+ Ke8 35. bxa4 bxa4 36. a3 Bb3 37. Ra7 Kf8 38. Kf2 h6 39. Ke3 f6 40. Kd4 fxe5+ 41. Kxe5 Kg8 42. g3 Kh7 43. h4 Kg6 44. g4 Kh7 45. h5 Kg8 46. Kf4 Kf8 47. g5 1-0

[Event "Play for Durgesh Fundraiser Blitz"]
[Site "Vishy Anand Arena"]
[Date "2020.09.19"]
[Round "5"]
[White "SR1211"]
[Black "Tchitnis"]
[Result "1-0"]
[WhiteElo "1915"]
[BlackElo "1645"]
[Annotator "NA"]
[PlyCount "83"]
[EventDate "2020.09.19"]
[EventType "swiss (blitz)"]

1. d4 Nf6 2. c4 d6 3. Nc3 g6 4. e4 Bg7 5. h3 Nbd7 6. Nf3 O-O 7. Be2 e5 8. d5 Ne8 9. g4 a5 10. Qc2 Nc5 11. b3 c6 12. Bb2 Nf6 13. Rd1 Qc7 14. a3 h5 15. g5 Nh7 16. h4 Bg4 17. b4 Nd7 18. dxc6 bxc6 19. b5 Nb6 20. bxc6 Qxc6 21. Nd5 Nxd5 22. Rxd5 Be6 23. Rd1 Rfc8 24. Rc1 d5 25. exd5 Bxd5 26. Qc3 Be6 27. O-O Bg4 28. Qe3 Rab8 29. Ba1 f6 30. gxf6 Bxf6 31. Nxe5 Qc7 32. Nxg4 hxg4 33. Bxf6 Nxf6 34. Qe6+ Kg7 35. Rfd1 g3 36. fxg3 Qxg3+ 37. Kf1 Re8 38. Rd7+ Kh6 39. Qxf6 Rf8 40. Rf7 Rbe8 41. Rxf8 Rxf8 42. Qxf8+ 1-0

[Event "Play for Durgesh Fundraiser Blitz"]
[Site "Vishy Anand Arena"]
[Date "2020.09.19"]
[Round "5"]
[White "Kaspypran"]
[Black "neshaqn"]
[Result "0-1"]
[WhiteElo "1898"]
[BlackElo "1847"]
[Annotator "NA"]
[PlyCount "86"]
[EventDate "2020.09.19"]
[EventType "swiss (blitz)"]

1. d4 Nf6 2. Bf4 d5 3. e3 Nbd7 4. Nf3 c5 5. c3 Qb6 6. Qb3 c4 7. Qxb6 axb6 8. Nbd2 e6 9. h3 b5 10. a3 b4 11. cxb4 Bxb4 12. Rc1 Be7 13. Be2 O-O 14. O-O Nb6 15. Bd1 Bd7 16. Bc2 Rfc8 17. Nb1 Na4 18. Bxa4 Bxa4 19. Nc3 Be8 20. Bg5 h6 21. Bh4 g5 22. Bg3 b5 23. Ra1 Ra6 24. Be5 Rca8 25. Bxf6 Bxf6 26. e4 b4 27. e5 Be7 28. Ne2 bxa3 29. bxa3 Rxa3 30. Rxa3 Rxa3 31. Rb1 Ra8 32. Nc3 Kf8 33. g3 Ra3 34. Rc1 Bb4 35. Rb1 Bxc3 36. Rb8 Ba5 37. Kg2 c3 38. Rc8 Ra2 39. Ne1 Ke7 40. Kf3 Ba4 41. Ke3 c2 42. Nd3 Ra3 43. Ke2 Bb5 0-1

[Event "Play for Durgesh Fundraiser Blitz"]
[Site "Vishy Anand Arena"]
[Date "2020.09.19"]
[Round "5"]
[White "Kushal Jani"]
[Black "Sohammdh"]
[Result "0-1"]
[WhiteElo "1884"]
[BlackElo "1711"]
[Annotator "NA"]
[PlyCount "58"]
[EventDate "2020.09.19"]
[EventType "swiss (blitz)"]

1. e4 c5 2. Nf3 d6 3. d4 cxd4 4. Nxd4 Nf6 5. Nc3 a6 6. Be3 e5 7. Nb3 Be6 8. f3 Be7 9. Qd2 Nbd7 10. O-O-O O-O 11. g4 b5 12. h4 Nb6 13. g5 Nh5 14. Bxb6 Qxb6 15. Bh3 a5 16. Nd5 Bxd5 17. Qxd5 Nf4 18. Qd2 a4 19. Na1 b4 20. Rhe1 Nxh3 21. Kb1 Rfc8 22. Qh2 Nf4 23. Rg1 a3 24. h5 axb2 25. Nb3 Qa6 26. Kxb2 Qxa2+ 27. Kc1 Qxb3 28. Rg2 Ra1+ 29. Kd2 Qc3# 0-1

[Event "Play for Durgesh Fundraiser Blitz"]
[Site "Vishy Anand Arena"]
[Date "2020.09.19"]
[Round "5"]
[White "aaronreeve"]
[Black "Prasadm"]
[Result "1-0"]
[WhiteElo "1882"]
[BlackElo "1568"]
[Annotator "NA"]
[PlyCount "45"]
[EventDate "2020.09.19"]
[EventType "swiss (blitz)"]

1. e4 e5 2. Nf3 Nc6 3. Bc4 Bc5 4. c3 Nf6 5. O-O O-O 6. d4 exd4 7. cxd4 Bb4 8. e5 Ng4 9. h3 Nh6 10. d5 Ne7 11. Bxh6 gxh6 12. Nc3 Nf5 13. Ne4 d6 14. e6 fxe6 15. dxe6 Qe7 16. Nd4 Nxd4 17. Qxd4 Bxe6 18. Bxe6+ Qxe6 19. Qxb4 Rf4 20. Nc5 Qf6 21. Qxb7 Rf8 22. Nd7 Qxb2 23. Qxb2 1-0

[Event "Play for Durgesh Fundraiser Blitz"]
[Site "Vishy Anand Arena"]
[Date "2020.09.19"]
[Round "5"]
[White "Namitbir Singh"]
[Black "Ritwik chess"]
[Result "0-1"]
[WhiteElo "1881"]
[BlackElo "1640"]
[Annotator "NA"]
[PlyCount "112"]
[EventDate "2020.09.19"]
[EventType "swiss (blitz)"]

1. e4 e5 2. Nf3 Nc6 3. Bc4 Nf6 4. d4 exd4 5. O-O d6 6. Nxd4 Be7 7. Nc3 O-O 8. f3 h6 9. Be3 Nh7 10. a4 Bg5 11. Bf2 Bh4 12. Be3 Bf6 13. Qd2 Bg5 14. f4 Bf6 15. Rad1 Bg4 16. Be2 Bxe2 17. Qxe2 Nxd4 18. Bxd4 Bxd4+ 19. Rxd4 Re8 20. Rfd1 Nf6 21. Qf3 Qe7 22. Re1 Nd7 23. Nd5 Qd8 24. Red1 Nc5 25. a5 c6 26. Nc3 Qxa5 27. b4 Qa3 28. bxc5 dxc5 29. Rd7 b5 30. R1d3 Qb2 31. Qh5 Rf8 32. Rg3 Kh8 33. f5 Qc1+ 34. Nd1 Rad8 35. Rgd3 Rxd7 36. Rxd7 a5 37. f6 g6 38. Qxc5 Re8 39. Qd4 a4 40. Qd6 a3 41. Qxa3 Qxa3 42. Rxf7 b4 43. Rd7 Rf8 44. f7 b3 45. cxb3 Qxb3 46. Kf1 Rxf7+ 47. Rxf7 Qxf7+ 48. Ke2 Qe6 49. Ne3 Kg7 50. Kd2 Kf6 51. Kd3 Qe5 52. Nc4 Ke6 53. Nxe5 Kxe5 54. Ke3 c5 55. g4 c4 56. h4 c3 0-1

[Event "Play for Durgesh Fundraiser Blitz"]
[Site "Vishy Anand Arena"]
[Date "2020.09.19"]
[Round "5"]
[White "Nihelesh"]
[Black "Aaryan Varshney"]
[Result "0-1"]
[WhiteElo "1874"]
[BlackElo "2147"]
[Annotator "NA"]
[PlyCount "94"]
[EventDate "2020.09.19"]
[EventType "swiss (blitz)"]

1. b3 e5 2. Bb2 Nc6 3. e3 Nf6 4. Bb5 Bd6 5. d3 O-O 6. Nf3 Qe7 7. O-O Na5 8. d4 e4 9. Nfd2 c6 10. Be2 Bc7 11. Ba3 Bd6 12. Bxd6 Qxd6 13. c3 b6 14. Qc2 Re8 15. c4 Qe7 16. Nc3 Nb7 17. Rfd1 d6 18. d5 c5 19. a3 Bf5 20. Re1 Qe5 21. Nd1 Qxa1 22. Rf1 Qe5 23. Nc3 h5 24. Qd1 h4 25. Qc2 g5 26. Nb5 Re7 27. b4 a6 28. Nc3 Bg6 29. Na4 b5 30. Nb6 Rb8 31. cxb5 axb5 32. Bxb5 cxb4 33. axb4 Nxd5 34. Nbc4 Qc3 35. Qb1 Qxb4 36. Qxb4 Nxb4 37. Rb1 Nd3 38. Bc6 Rc7 39. Bd5 Kg7 40. g3 hxg3 41. hxg3 Ne5 42. Nxd6 Nxd6 43. Rxb8 Rc1+ 44. Kg2 Nd3 45. Rd8 Ne1+ 46. Kh2 Nf5 47. Rd7 Nf3+ 0-1

[Event "Play for Durgesh Fundraiser Blitz"]
[Site "Vishy Anand Arena"]
[Date "2020.09.19"]
[Round "5"]
[White "AyushR"]
[Black "Stany G A"]
[Result "0-1"]
[WhiteElo "1863"]
[BlackElo "2093"]
[Annotator "NA"]
[PlyCount "96"]
[EventDate "2020.09.19"]
[EventType "swiss (blitz)"]

1. e4 c5 2. Nf3 Nc6 3. d4 cxd4 4. Nxd4 g6 5. Nc3 Bg7 6. Be3 Nf6 7. f3 O-O 8. Qd2 d5 9. O-O-O dxe4 10. Nxe4 Nxe4 11. fxe4 Nxd4 12. Bxd4 Bxd4 13. Qxd4 Qxd4 14. Rxd4 Be6 15. Bc4 Bxc4 16. Rxc4 Rac8 17. Rd4 Rfd8 18. Rhd1 Rxd4 19. Rxd4 Rc7 20. Kd2 Kg7 21. c3 Kf6 22. Ke3 e5 23. Rd5 Ke6 24. g4 f6 25. h4 f5 26. gxf5+ gxf5 27. Ra5 f4+ 28. Kf3 Rd7 29. Rxa7 Rd3+ 30. Ke2 Re3+ 31. Kf2 Rxe4 32. Rxb7 h5 33. b4 Rc4 34. a4 Rxc3 35. a5 e4 36. a6 Rc2+ 37. Ke1 f3 38. a7 e3 39. Kd1 Ra2 40. Rb6+ Ke5 41. Rb5+ Kd4 42. Ra5 e2+ 43. Ke1 Ke3 44. Re5+ Kd3 45. Rd5+ Ke4 46. Ra5 Rxa5 47. bxa5 Ke3 48. a8=Q f2# 0-1

[Event "Play for Durgesh Fundraiser Blitz"]
[Site "Vishy Anand Arena"]
[Date "2020.09.19"]
[Round "5"]
[White "Thor_attack"]
[Black "Chessjoker11"]
[Result "0-1"]
[WhiteElo "1843"]
[BlackElo "1487"]
[Annotator "NA"]
[PlyCount "76"]
[EventDate "2020.09.19"]
[EventType "swiss (blitz)"]

1. e4 e5 2. Nf3 Nc6 3. Bb5 Nf6 4. O-O d6 5. d4 exd4 6. Nxd4 Bd7 7. Bxc6 Bxc6 8. Re1 Be7 9. Nc3 O-O 10. Nf5 Re8 11. Bg5 h6 12. Bh4 Bd7 13. Nxe7+ Qxe7 14. Nd5 Qe5 15. Nxc7 Rac8 16. Nxe8 Rxe8 17. Bxf6 Qxf6 18. c3 Qg6 19. Qd4 Bh3 20. g3 Qg4 21. f4 Qf3 22. Qf2 Qg4 23. Rad1 Rxe4 24. Rxd6 Rxe1+ 25. Qxe1 Qf3 26. Qf2 Qg4 27. Rd8+ Kh7 28. Rd2 Qe6 29. Qe2 Qxa2 30. Qe4+ g6 31. Qe1 Qc4 32. Rd4 Qc5 33. Qe5 Qc6 34. Qd5 Qb6 35. Qxf7+ Kh8 36. Qf8+ Kh7 37. Qe7+ Kg8 38. Qe3 Qc6 0-1

[Event "Play for Durgesh Fundraiser Blitz"]
[Site "Vishy Anand Arena"]
[Date "2020.09.19"]
[Round "5"]
[White "Shriya R"]
[Black "Muralikrishna"]
[Result "1-0"]
[WhiteElo "1829"]
[BlackElo "1826"]
[Annotator "NA"]
[PlyCount "61"]
[EventDate "2020.09.19"]
[EventType "swiss (blitz)"]

1. e4 Nc6 2. Nf3 d6 3. d4 Nf6 4. Nc3 Bg4 5. Bb5 Nd7 6. Bxc6 bxc6 7. h3 Bh5 8. Bf4 e6 9. Qd3 Bxf3 10. Qxf3 Qf6 11. O-O-O e5 12. dxe5 dxe5 13. Be3 Bb4 14. Ne2 Qe6 15. Kb1 O-O 16. c3 Ba5 17. Ng3 g6 18. Qg4 Qxg4 19. hxg4 Nf6 20. f3 Rab8 21. Kc2 Rfd8 22. Bg5 Rxd1 23. Rxd1 Kg7 24. Nf1 Ne8 25. Nd2 f6 26. Be3 Bb6 27. Bxb6 cxb6 28. Nc4 Rb7 29. Rd8 Kf7 30. Rxe8 b5 31. Nd6+ 1-0

[Event "Play for Durgesh Fundraiser Blitz"]
[Site "Vishy Anand Arena"]
[Date "2020.09.19"]
[Round "5"]
[White "An_2356"]
[Black "Ccc2016"]
[Result "0-1"]
[WhiteElo "1821"]
[BlackElo "1944"]
[Annotator "NA"]
[PlyCount "122"]
[EventDate "2020.09.19"]
[EventType "swiss (blitz)"]

1. e4 c5 2. Nf3 d6 3. Bb5+ Bd7 4. Bxd7+ Qxd7 5. c4 e6 6. Nc3 Nf6 7. O-O Be7 8. d4 cxd4 9. Nxd4 O-O 10. f3 a6 11. b3 Nc6 12. Bb2 Rac8 13. Kh1 Ne5 14. Qd2 Rfd8 15. Rad1 Qc7 16. h3 Ng6 17. Nce2 d5 18. exd5 exd5 19. cxd5 Nxd5 20. Rc1 Qb8 21. Ba1 Ndf4 22. Qb2 Bf8 23. Nxf4 Qxf4 24. Rxc8 Rxc8 25. Re1 Qg3 26. Re4 h5 27. Nf5 Qg5 28. Nxg7 Qc1+ 29. Kh2 Qxb2 30. Bxb2 Bxg7 31. Bxg7 Kxg7 32. Rb4 Rc7 33. a4 Kf6 34. Rb6+ Kg7 35. g4 hxg4 36. hxg4 Ne5 37. Kg3 Nc6 38. b4 Re7 39. b5 axb5 40. Rxb5 Nd4 41. Rb4 Ne6 42. a5 Nc5 43. Rb5 Na6 44. Rb6 Rc7 45. Rb2 Nb8 46. Rb1 Nc6 47. Rb6 Nxa5 48. Rb5 Nc4 49. Rb4 Nd6 50. Rb6 Rd7 51. Rb5 Kf6 52. Rb2 Ke7 53. Rb1 Kd8 54. Rb2 b5 55. Rh2 Kc7 56. Rb2 Kb6 57. Rb1 Kc5 58. g5 Nc4 59. f4 b4 60. Kg4 Kb5 61. f5 Rd4+ 0-1

[Event "Play for Durgesh Fundraiser Blitz"]
[Site "Vishy Anand Arena"]
[Date "2020.09.19"]
[Round "5"]
[White "Varunrambharose"]
[Black "Srivishva"]
[Result "1-0"]
[WhiteElo "1814"]
[BlackElo "1682"]
[Annotator "NA"]
[PlyCount "55"]
[EventDate "2020.09.19"]
[EventType "swiss (blitz)"]

1. e4 e5 2. Nf3 d6 3. d4 exd4 4. Nxd4 Nf6 5. Nc3 Nc6 6. Be3 Nxd4 7. Bxd4 Be6 8. Bd3 Be7 9. O-O O-O 10. Re1 c5 11. Be3 Ng4 12. Qf3 Ne5 13. Qd1 Nxd3 14. Qxd3 Bf6 15. Rad1 Bxc3 16. Qxc3 Qc7 17. Bf4 Rfd8 18. b3 Rd7 19. Qg3 Rad8 20. Bh6 g6 21. Bf4 Qc6 22. c4 a6 23. Bg5 Re8 24. Bf6 h6 25. Bb2 Rde7 26. Qc3 f5 27. Qh8+ Kf7 28. Qg7# 1-0

[Event "Play for Durgesh Fundraiser Blitz"]
[Site "Vishy Anand Arena"]
[Date "2020.09.19"]
[Round "5"]
[White "Sujay_bm"]
[Black "DrVykterstein"]
[Result "1-0"]
[WhiteElo "1809"]
[BlackElo "1398"]
[Annotator "NA"]
[PlyCount "29"]
[EventDate "2020.09.19"]
[EventType "swiss (blitz)"]

1. d4 Nf6 2. c4 g6 3. Nc3 Bg7 4. e4 d6 5. f4 O-O 6. Nf3 Nc6 7. d5 Nb8 8. Bd3 Bg4 9. O-O e5 10. fxe5 dxe5 11. h3 Bxf3 12. Qxf3 Nh5 13. Be3 f5 14. exf5 gxf5 15. Qxh5 1-0

[Event "Play for Durgesh Fundraiser Blitz"]
[Site "Vishy Anand Arena"]
[Date "2020.09.19"]
[Round "5"]
[White "Kingofblitz"]
[Black "SymbolX"]
[Result "1-0"]
[WhiteElo "1801"]
[BlackElo "2042"]
[Annotator "NA"]
[PlyCount "123"]
[EventDate "2020.09.19"]
[EventType "swiss (blitz)"]

1. c4 b6 2. Nf3 Bb7 3. g3 Bxf3 4. exf3 c5 5. Bg2 Nc6 6. O-O g6 7. Nc3 Bg7 8. d3 Nh6 9. Rb1 Nf5 10. Bd2 O-O 11. a3 d6 12. f4 Rc8 13. b4 e6 14. b5 Ncd4 15. Re1 Re8 16. a4 h5 17. a5 Qc7 18. a6 Rcd8 19. h3 Qb8 20. Qa4 Qc7 21. Rbd1 Bh6 22. Ne4 Bg7 23. Nc3 Kh7 24. Qa2 Qd7 25. Qb1 Rh8 26. Qc1 Nb3 27. Qc2 Nxd2 28. Qxd2 Nd4 29. Ne4 Kg8 30. Ng5 f6 31. Nxe6 Nxe6 32. Rxe6 Kh7 33. Rde1 Rhf8 34. Bc6 Qc8 35. Qe2 Kh8 36. Re7 Qxh3 37. Rxa7 h4 38. Bg2 Qf5 39. Qe4 Qh5 40. Re7 f5 41. Qf3 Qh6 42. gxh4 Bd4 43. a7 Qxh4 44. Kf1 Kg8 45. Qd5+ Kh8 46. Qf3 Kg8 47. R1e2 Kh8 48. Qh3 Qxh3 49. Bxh3 Bf6 50. Rb7 d5 51. Bg2 dxc4 52. dxc4 Bc3 53. Bf3 Rd1+ 54. Kg2 g5 55. Rb8 Rdd8 56. Rxd8 Rxd8 57. fxg5 Ra8 58. Bxa8 Kg7 59. Bd5 Kg6 60. a8=Q Kxg5 61. Qg8+ Kf4 62. Qg3# 1-0

[Event "Play for Durgesh Fundraiser Blitz"]
[Site "Vishy Anand Arena"]
[Date "2020.09.19"]
[Round "5"]
[White "tacticabd"]
[Black "Junosource"]
[Result "1-0"]
[WhiteElo "1793"]
[BlackElo "2008"]
[Annotator "NA"]
[PlyCount "65"]
[EventDate "2020.09.19"]
[EventType "swiss (blitz)"]

1. e4 c5 2. b3 Nc6 3. Bb2 e5 4. Bb5 d6 5. Bxc6+ bxc6 6. Ne2 f5 7. exf5 Bxf5 8. O-O Nf6 9. f4 e4 10. Ng3 Bg4 11. Bxf6 Bxd1 12. Bxd8 Bxc2 13. Bh4 d5 14. Re1 Kd7 15. Nc3 Bd6 16. Rac1 Bd3 17. Na4 c4 18. bxc4 Bxf4 19. Nc5+ Kc8 20. Nxd3 exd3 21. cxd5 g5 22. Rxc6+ Kd7 23. Nh5 Bxd2 24. Nf6+ Kd8 25. Rd1 Be3+ 26. Bf2 Bxf2+ 27. Kxf2 Rf8 28. Rxd3 Ke7 29. Re3+ Kd8 30. Kg3 Rc8 31. Rd6+ Kc7 32. Ree6 Kb8 33. Nd7+ 1-0

[Event "Play for Durgesh Fundraiser Blitz"]
[Site "Vishy Anand Arena"]
[Date "2020.09.19"]
[Round "5"]
[White "VedTheKnight"]
[Black "Padmaesh M K"]
[Result "0-1"]
[WhiteElo "1792"]
[BlackElo "1934"]
[Annotator "NA"]
[PlyCount "100"]
[EventDate "2020.09.19"]
[EventType "swiss (blitz)"]

1. d4 Nf6 2. Bf4 d5 3. e3 e6 4. Bd3 Bd6 5. Bg3 O-O 6. Nd2 c5 7. c3 c4 8. Bc2 b5 9. Ngf3 Bb7 10. Ne5 Nbd7 11. f4 a5 12. Bh4 Qc7 13. g4 b4 14. g5 Ne4 15. Nxe4 dxe4 16. Ba4 Nxe5 17. fxe5 Be7 18. O-O Kh8 19. Qg4 Bd5 20. Bc2 Qb7 21. Rf4 bxc3 22. bxc3 Qb2 23. Qd1 f6 24. gxf6 gxf6 25. exf6 Bd6 26. Rg4 Qxc3 27. Bxe4 Qxe3+ 28. Bf2 Qh6 29. Rh4 Qg5+ 30. Rg4 Qxf6 31. Bh4 Qh6 32. Bxd5 exd5 33. Qe2 Rg8 34. Qg2 Rxg4 35. Qxg4 Rg8 36. Qxg8+ Kxg8 37. Bg3 Bxg3 38. hxg3 Qe3+ 39. Kg2 Qxd4 40. Rg1 Qd2+ 41. Kh3 c3 42. Rg2 Qh6+ 43. Kg4 c2 44. Rxc2 Qg6+ 45. Kh3 Qxc2 46. Kh4 d4 47. g4 d3 48. Kh5 d2 49. Kh6 d1=Q 50. g5 Qg6# 0-1

[Event "Play for Durgesh Fundraiser Blitz"]
[Site "Vishy Anand Arena"]
[Date "2020.09.19"]
[Round "5"]
[White "anandfan"]
[Black "Vhjoshi"]
[Result "1-0"]
[WhiteElo "1788"]
[BlackElo "1478"]
[Annotator "NA"]
[PlyCount "55"]
[EventDate "2020.09.19"]
[EventType "swiss (blitz)"]

1. e4 e5 2. Nf3 Nc6 3. Nc3 Nf6 4. Bc4 Bc5 5. d3 d6 6. Bg5 h6 7. Bxf6 Qxf6 8. Nd5 Qd8 9. c3 Be6 10. b4 Bb6 11. a4 a6 12. a5 Ba7 13. Qb3 O-O 14. O-O Ne7 15. Nxe7+ Qxe7 16. Rfb1 f5 17. Bxe6+ Kh8 18. Bxf5 Rf6 19. Nh4 g6 20. Nxg6+ Kg7 21. Nxe7 Re8 22. Nd5 Rff8 23. Nxc7 Rc8 24. Ne6+ Kf7 25. Nxf8+ Kxf8 26. Bxc8 Ke7 27. Qe6+ Kd8 28. Qd7# 1-0

[Event "Play for Durgesh Fundraiser Blitz"]
[Site "Vishy Anand Arena"]
[Date "2020.09.19"]
[Round "5"]
[White "Henrik"]
[Black "kaushikr98"]
[Result "0-1"]
[WhiteElo "1784"]
[BlackElo "1704"]
[Annotator "NA"]
[PlyCount "100"]
[EventDate "2020.09.19"]
[EventType "swiss (blitz)"]
[WhiteTeam "SK Gründau"]

1. e4 c5 2. Nf3 a6 3. Nc3 d6 4. d4 cxd4 5. Nxd4 e6 6. Be3 Nf6 7. f3 Be7 8. Bc4 Qc7 9. Bb3 b5 10. Qd2 Bd7 11. O-O-O Nc6 12. g4 O-O 13. h4 Nxd4 14. Bxd4 Bc6 15. h5 b4 16. Ne2 Nd7 17. Kb1 Nc5 18. g5 a5 19. g6 a4 20. Bc4 d5 21. gxh7+ Kxh7 22. exd5 exd5 23. Bd3+ Nxd3 24. Qxd3+ f5 25. h6 g6 26. Rdg1 Rg8 27. Ng3 Qd7 28. f4 Bb5 29. Qd2 b3 30. cxb3 axb3 31. a3 Bxa3 32. bxa3 Rxa3 33. Qb2 Ra2 34. Qc3 Rc8 35. Bc5 Rc2 36. Nh5 Rxc3 37. Nf6+ Kh8 38. Nxd7 Bd3+ 39. Kb2 Rc2+ 40. Kxb3 R2xc5 41. Nxc5 Rxc5 42. Rxg6 Bc4+ 43. Kb4 Rc8 44. h7 Rb8+ 45. Kc5 Rc8+ 46. Rc6 Ra8 47. Rc7 Rb8 48. Kd4 Rb5 49. Ke5 Rc5 50. Kd4 Rxc7 0-1

[Event "Play for Durgesh Fundraiser Blitz"]
[Site "Vishy Anand Arena"]
[Date "2020.09.19"]
[Round "5"]
[White "Haldankardhruv"]
[Black "Twobrothers"]
[Result "0-1"]
[WhiteElo "1771"]
[BlackElo "1819"]
[Annotator "NA"]
[PlyCount "144"]
[EventDate "2020.09.19"]
[EventType "swiss (blitz)"]

1. e4 e5 2. Nf3 Nc6 3. c3 d5 4. Qa4 dxe4 5. Nxe5 Bd7 6. Nxd7 Qxd7 7. Qxe4+ Be7 8. d4 Nf6 9. Qc2 O-O-O 10. Be2 Rhe8 11. O-O Bd6 12. h3 Kb8 13. Bf3 Ne7 14. Qb3 c6 15. Qxf7 Rg8 16. Qc4 g5 17. Qe2 Rde8 18. Bg4 Nxg4 19. Qxg4 Qxg4 20. hxg4 h6 21. Nd2 Ng6 22. Nc4 Bc7 23. g3 Re4 24. Ne3 Rf8 25. Bd2 Ne7 26. Rae1 Kc8 27. Kg2 Kd7 28. f3 Re6 29. Nc4 Nd5 30. Rxe6 Kxe6 31. Re1+ Kd7 32. Ne5+ Bxe5 33. Rxe5 Nb6 34. f4 Nc4 35. Re2 Nxd2 36. Rxd2 gxf4 37. Rf2 f3+ 38. Rxf3 Re8 39. Rf7+ Kc8 40. Kf2 Re6 41. Rf3 Re4 42. Rf4 Re6 43. c4 Kc7 44. Rf7+ Kb6 45. b3 Re4 46. Rf4 Re6 47. a4 a5 48. Rf7 Re4 49. Rf4 Re6 50. c5+ Ka6 51. Kf3 Re1 52. Re4 Rb1 53. Re3 b6 54. cxb6 Kxb6 55. Ke4 Rf1 56. Ke5 Rf8 57. Kd6 Rd8+ 58. Ke7 Rxd4 59. Kf6 Rxg4 60. Rc3 Rg8 61. Kf5 h5 62. Kf6 Rg4 63. Kf5 Rg8 64. Rd3 Rf8+ 65. Kg5 Rg8+ 66. Kxh5 Rh8+ 67. Kg5 Rg8+ 68. Kf6 Rf8+ 69. Ke7 Rc8 70. g4 Rc7+ 71. Kd8 Rg7 72. Rg3 Rg8+ 0-1

[Event "Play for Durgesh Fundraiser Blitz"]
[Site "Vishy Anand Arena"]
[Date "2020.09.19"]
[Round "5"]
[White "COLGATE"]
[Black "Believe1996"]
[Result "1-0"]
[WhiteElo "1758"]
[BlackElo "1459"]
[Annotator "NA"]
[PlyCount "33"]
[EventDate "2020.09.19"]
[EventType "swiss (blitz)"]

1. e4 d5 2. exd5 Qxd5 3. Nc3 Qd8 4. d4 Nf6 5. Nf3 c5 6. Be3 cxd4 7. Nxd4 Nc6 8. Bb5 Bd7 9. Bxc6 Bxc6 10. Nxc6 bxc6 11. Qf3 Qc7 12. O-O e6 13. Bf4 Bd6 14. Nb5 Qb8 15. Nxd6+ Kf8 16. Nc4 Qb4 17. Bd6+ 1-0

[Event "Play for Durgesh Fundraiser Blitz"]
[Site "Vishy Anand Arena"]
[Date "2020.09.19"]
[Round "5"]
[White "Suryakhanal"]
[Black "reymysterio"]
[Result "1/2-1/2"]
[WhiteElo "1751"]
[BlackElo "1700"]
[Annotator "NA"]
[PlyCount "87"]
[EventDate "2020.09.19"]
[EventType "swiss (blitz)"]

1. d4 Nf6 2. Bf4 g6 3. Nc3 d5 4. e3 Bg7 5. h4 h5 6. Qd2 c6 7. Bd3 Nbd7 8. O-O-O b5 9. Kb1 a5 10. f3 Nb6 11. Nh3 Nc4 12. Qf2 Qb6 13. e4 Bxh3 14. Rxh3 a4 15. e5 Ng8 16. e6 f5 17. Qg3 Nxb2 18. Qxg6+ Kd8 19. Qxg7 Nxd1 20. Nxd1 Kc8 21. Qxh8 Kb7 22. Qg7 b4 23. Qe5 b3 24. Qc7+ Qxc7 25. Bxc7 bxc2+ 26. Kxc2 Kxc7 27. Bxf5 Rb8 28. Nc3 Nf6 29. Nxa4 Ne8 30. Nc5 Nd6 31. Bd3 Ra8 32. Kb2 Rb8+ 33. Kc2 Rg8 34. g3 Ne8 35. Bf5 Nd6 36. g4 Nxf5 37. gxf5 Rg2+ 38. Kb3 Kd6 39. f4 Rf2 40. Ka3 Rxf4 41. Rb3 Rxf5 42. Rb7 Rf3+ 43. Kb4 Rb3+ 44. axb3 1/2-1/2

[Event "Play for Durgesh Fundraiser Blitz"]
[Site "Vishy Anand Arena"]
[Date "2020.09.19"]
[Round "5"]
[White "PlasticBabu"]
[Black "Suyash45"]
[Result "0-1"]
[WhiteElo "1747"]
[BlackElo "1940"]
[Annotator "NA"]
[PlyCount "56"]
[EventDate "2020.09.19"]
[EventType "swiss (blitz)"]

1. d4 c5 2. e3 cxd4 3. exd4 Nf6 4. Nf3 d5 5. Bd3 Nc6 6. c3 Bg4 7. O-O e6 8. Bg5 Bd6 9. Nbd2 O-O 10. h3 Bh5 11. Qb3 Rb8 12. Qc2 h6 13. Bh4 Ne7 14. Bxf6 gxf6 15. Rae1 b5 16. a3 a5 17. Nh2 b4 18. axb4 axb4 19. Ndf3 bxc3 20. bxc3 Qc7 21. Qd2 Bf4 22. Qe2 Qxc3 23. g4 Rb2 24. Qd1 Bg6 25. Bxg6 Nxg6 26. Qa4 Bxh2+ 27. Nxh2 Qxh3 28. Qa3 Qxa3 0-1

[Event "Play for Durgesh Fundraiser Blitz"]
[Site "Vishy Anand Arena"]
[Date "2020.09.19"]
[Round "5"]
[White "Aditya_06"]
[Black "Garvgaur1008"]
[Result "0-1"]
[WhiteElo "1731"]
[BlackElo "1932"]
[Annotator "NA"]
[PlyCount "94"]
[EventDate "2020.09.19"]
[EventType "swiss (blitz)"]

1. d4 d5 2. c4 e6 3. Nc3 Nf6 4. Nf3 Be7 5. e3 O-O 6. Bd3 b6 7. O-O Bb7 8. b3 Nbd7 9. Re1 c5 10. Bb2 Rc8 11. e4 cxd4 12. Nxd4 dxc4 13. Bxc4 Ne5 14. Bf1 Nc6 15. Nxc6 Bxc6 16. e5 Nd5 17. Nxd5 Qxd5 18. Qxd5 Bxd5 19. Rac1 Bg5 20. Rxc8 Rxc8 21. Bd3 g6 22. g3 Bf3 23. Be2 Rc2 24. Bxf3 Rxb2 25. Re2 Bd2 26. a4 Rxb3 27. Bc6 Bb4 28. f4 Bc5+ 29. Kg2 Rd3 30. Bb5 Rd4 31. h3 h5 32. Kf3 Kf8 33. Rc2 Ke7 34. Ke2 Rb4 35. Rd2 Bd4 36. Kf3 Rb3+ 37. Kg2 Bc5 38. Rd7+ Kf8 39. Rxa7 Rb2+ 40. Kf3 Rf2+ 41. Ke4 Rg2 42. Kf3 Rf2+ 43. Ke4 h4 44. gxh4 Rh2 45. Ra8+ Kg7 46. h5 Rxh3 47. Ra7 Re3# 0-1

[Event "Play for Durgesh Fundraiser Blitz"]
[Site "Vishy Anand Arena"]
[Date "2020.09.19"]
[Round "5"]
[White "Avichaljadeja02"]
[Black "Atri Chattopadhyay"]
[Result "0-1"]
[WhiteElo "1728"]
[BlackElo "1872"]
[Annotator "NA"]
[PlyCount "106"]
[EventDate "2020.09.19"]
[EventType "swiss (blitz)"]

1. e4 c5 2. Nf3 Nc6 3. d4 cxd4 4. Nxd4 g6 5. Be3 Bg7 6. Bc4 Nf6 7. f3 O-O 8. Nc3 Qb6 9. Qd2 Nxe4 10. fxe4 Bxd4 11. Bxd4 Qxd4 12. Qxd4 Nxd4 13. O-O-O Nc6 14. Nd5 e6 15. Nf6+ Kg7 16. Nxd7 Bxd7 17. Rxd7 Ne5 18. Rd4 Rac8 19. Bb3 Rc7 20. Rhd1 Rfc8 21. c3 b5 22. Bc2 a5 23. a3 Nc4 24. Rd7 Ne5 25. Rxc7 Rxc7 26. Rd6 Nc4 27. Rd8 Kf6 28. Bd3 Ke5 29. Bxc4 Rxc4 30. Rf8 Rc7 31. Rb8 Rc5 32. Rb7 Kf6 33. Kc2 h5 34. b4 axb4 35. axb4 Rg5 36. g3 Re5 37. Kd3 g5 38. Rd7 h4 39. gxh4 gxh4 40. Rc7 Rg5 41. c4 bxc4+ 42. Rxc4 Rg2 43. b5 Rb2 44. Rc5 Rxh2 45. Kc4 Rc2+ 46. Kd4 Rxc5 47. Kxc5 h3 48. b6 h2 49. b7 h1=Q 50. b8=Q Qc1+ 51. Kd6 Qf4+ 52. Kc6 Qxb8 53. e5+ Qxe5 0-1

[Event "Play for Durgesh Fundraiser Blitz"]
[Site "Vishy Anand Arena"]
[Date "2020.09.19"]
[Round "5"]
[White "Poorvi_2005"]
[Black "Nisanth2107"]
[Result "1-0"]
[WhiteElo "1726"]
[BlackElo "1647"]
[Annotator "NA"]
[PlyCount "79"]
[EventDate "2020.09.19"]
[EventType "swiss (blitz)"]

1. c4 e5 2. Nc3 f5 3. d3 Nf6 4. e4 f4 5. Nf3 Nc6 6. g3 fxg3 7. fxg3 Bc5 8. Bg5 h6 9. Bd2 d6 10. Bg2 Bg4 11. h3 Bh5 12. g4 Bg6 13. Qe2 Qd7 14. Be3 O-O-O 15. O-O-O Nd4 16. Nxd4 exd4 17. Bxd4 Bxd4 18. h4 Nxg4 19. Bh3 Bh5 20. Rhg1 Bxc3 21. bxc3 Qa4 22. Bxg4+ Bxg4 23. Rxg4 Rdf8 24. Rdg1 Rf7 25. Rxg7 Rxg7 26. Rxg7 Qa3+ 27. Qb2 Qxb2+ 28. Kxb2 Kd8 29. h5 b6 30. Kb3 a6 31. Kb4 c5+ 32. Kb3 Rf8 33. Rg6 Rh8 34. Rxd6+ Kc7 35. Rg6 Rh7 36. d4 cxd4 37. cxd4 Re7 38. e5 Rd7 39. d5 Re7 40. d6+ 1-0